000 00895nam a22002177a 4500
999 _c4148
_d4148
003 AR-CdUCM
008 190308b ||||| |||| 00| 0 spa d
040 _aMUNICIPALIDAD PROVINCIAL DEL CUSCO
_cBIBLIOTECA MUNICIPAL DEL CUSCO
082 _23ed.
_a720.1 /
_bOR73
100 _aOrtega García, José
_913155
245 _aArquitectura legal /
260 _aBarcelona :
_bEdiciones CEAC,
_c1965.
300 _a212 páginas ;
_c22 cm.
500 _a"Legislación, responsabilidades, servidumbres, supuestos prácticos" - Cubierta.
505 _aContenido: Personas que intervienen en la construcción sus atribuciones -- Responsabilidad en la construcción -- Organismos que reglamentan la construcción -- Legislación vigente en la construcción ...
650 _aArquitectura
_93356
650 _aLegislación
_92962
650 _aservidumbres
_913156
942 _2ddc
_cLIBROS
945 _azta